000 00732cab a2200229 4500
001 WB3448-07
008 090401t1998 xxu||||| |||| 00| 0 eng d
035 _a(Sirsi) u90386
041 _aeng
245 _aGuidance on asbestos substitutes
260 _c1998
350 _a0
490 _aHSE News Release
_v(CO55:98) 16 December 1998 (2)
520 _aHSE has published guidance outlining the substitutes for white asbestos products. Copies of the booklet are available free from HSE Books, tel: 01787 881165.
650 _aASBESTOS SUBSTITUTES
650 _aCHRYSOTILE
650 _aHEALTH HAZARDS
650 _aWHITE ASBESTOS
690 _aBUILT ENVIRONMENT-BUILDING STANDARDS
942 _n0
948 _c18/12/1998
999 _c57308
_d57308